| 000 | 02107cam a22004814i 4500 | ||
|---|---|---|---|
| 003 | PE-LiUPU | ||
| 005 | 20250731173349.0 | ||
| 008 | 150706s r 000 0 d | ||
| 020 | _a9781883925628 | ||
| 035 | _a(Sirsi) i9781883925628 | ||
| 040 |
_aPE-LiUPU _bspa _cPE-LiUPU _erda |
||
| 049 | _aPRUA | ||
| 082 | 0 | 4 |
_a227.7 _bD97 _221 |
| 100 | 1 |
_aDu Preez, Ron, _eautor. |
|
| 245 | 1 | 0 |
_aJudging the sabbath : _bdiscovering what can't be found in Colossians 2:16 / _cRon du Preez. |
| 264 | 1 |
_aBerrien Springs, Mich. : _bAndrews University Press, _c2008. |
|
| 300 |
_a190 páginas : _bilustraciones ; _c23 cm. |
||
| 336 |
_atext _2rdacontent |
||
| 337 |
_aunmediated _2rdamedia |
||
| 338 |
_avolume _2rdacarrier |
||
| 504 | _aIncluye notas bibliográficas al final de cada capítulo. | ||
| 505 | 0 | _aColossians 2:16 in perspective -- Sabbat in the Old Testament -- Septuagint rendering of Sabbat Sabbaton -- "Sabbath" in New Testament Greek -- Sabbata and ceremonial Sabbaths -- The calendar sequence -- "Feasts" in Scripture -- Sabbath and "shadow" -- Summary of part one -- Use of the Old Testament in Paul's Epistles -- The linguistics of Hosea 2:11 -- Literary structures in Hosea -- Literary structures in Colossians 2 -- Summary of part two. | |
| 526 | _aSEG42 | ||
| 526 | _aSEG41 | ||
| 526 | _aSEG40 | ||
| 526 | _aSEG39 | ||
| 526 | _aP94 | ||
| 526 | _aP87 | ||
| 526 | _aP86 | ||
| 526 | _aP85 | ||
| 526 | _aP77 | ||
| 526 | _aP76 | ||
| 526 | _aP35 | ||
| 630 |
_aBiblia. _pN.T. _pColosenses II, 16 _xCrítica, interpretación, etc. |
||
| 650 | 0 | 4 |
_aSabado _xEnseñanza bíblica. _92372 |
| 910 |
_agl _cjck _d20120215 |
||
| 942 |
_2ddc _cBOOK |
||
| 949 |
_a227.7 D97 _wDEWEY _c1 _i64433 _lCIW _mBUL _p22.00 _r1 _sY _tBOOK _u2015-7-6 _xWHITE _zUNKNOWN _o.STAFF. Colección General |
||
| 994 |
_aC0 _bPEPRU |
||
| 596 | _a1 | ||
| 999 |
_a227.7 D97 _wDEWEY _c50301 _i60950 _f2021-11-9 _g5 _lCCODEBUL1 _mBUL _p24.00 _r0 _sY _tBOOK _u2015-7-6 _xTEOLOGIA _zUNKNOWN _0COMPRA _o.STAFF. Colección General _d50301 |
||
| 980 |
_81 _gALBERTO SANCHEZ Responsable de Automatización |
||